000 00557nam a2200205 4500
003 OSt
005 20240621074825.0
006 a
008 240621b |||||||| |||| 00| 0 eng d
020 _a9789712727085
040 _aDWCL-Main lib.
_cOC
082 _aCirc. 512.13 Ad244 2012
100 _aRon Larson
245 _aAdvance algebra with trigonometry /
260 _aMandaluyong City:
_bAvil Pub., Inc.,
_cc2012.
300 _b358 p. : ill . :
_c27 cm.
650 _a1. Algebra.
650 _a2. trigonometry I.
942 _2ddc
_n0
_cBK-CIRC
_kCirc.
999 _c1093
_d1093